000 00560nam a22001937a 4500
003 KOHA_MİRAKIL
005 20251209081205.0
008 251209b tu ||||| |||| 00| 0 tur d
020 _a9786059706247
040 _aTR-AnABB
_btur
_cTR-AnABB
041 _atur
082 _a303.609561
_bTUR 2015
100 1 _aTürkdoğan, Orhan,
245 1 0 _aGünümüzde toplumsal şiddet ve Türkiye gerçeği /
_cOrhan Türkdoğan
260 _aKonya :
_bÇizgi Kitabevi,
_c2016
300 _a528 sayfa ;
_c23 cm
650 0 4 _aSosyoloji
942 _2ddc
_cBK
999 _c9702
_d9702
900 _bGizem YORULMAZ